Fidelio (Record no. 10007)

MARC details
000 -CABECERA
campo de control de longitud fija 01007nam a2200277 a 4500
001 - NÚMERO DE CONTROL
campo de control BRL_1195
005 - FECHA Y HORA DE LA ÚLTIMA TRANSACCIÓN
campo de control 20190320211058.0
008 - DATOS DE LONGITUD FIJA--INFORMACIÓN GENERAL
campo de control de longitud fija 261113s19uu----gw-#######---#000-0#ger-#
041 ## - CÓDIGO DE LENGUA
Código de lengua del texto/banda sonora o título independiente ger
044 ## - CÓDIGO DEL PAÍS DE LA ENTIDAD EDITORA/PRODUCTORA
Código MARC del país gw
050 #4 - SIGNATURA TOPOGRÁFICA DE LA BIBLIOTECA DEL CONGRESO
Número de clasificación ML50
Número de documento/Ítem .B44 1900
100 1# - ENTRADA PRINCIPAL--NOMBRE DE PERSONA
Nombre de persona Beethoven, Ludwig van
Fechas asociadas al nombre 1770-1827
9 (RLIN) 17703
245 10 - MENCIÓN DE TÍTULO
Título Fidelio
Resto del título Oper in zwei Aufzügen : Op. 72
Mención de responsabilidad, etc. Text nach dem Französischen des J.N. Bouilly von Joseph Ferdinand Sonnleithner und Georg Friedrich Treitschke ; Musik von Ludwig van Beethoven ; Mit einer Einführung von Heinrich Kralik.
260 ## - PUBLICACIÓN, DISTRIBUCIÓN, ETC.
Lugar de publicación, distribución, etc. Leipzig
Nombre del editor, distribuidor, etc. Steyrermühl
Fecha de publicación, distribución, etc. [19--]
300 ## - DESCRIPCIÓN FÍSICA
Extensión 52 p.
Dimensiones 19 cm.
440 #0 - MENCIÓN DE SERIE/PUNTO DE ACCESO ADICIONAL--TÍTULO
Título Tagblatt-Bibliothek
Designación de volumen o secuencia Nr.32
9 (RLIN) 26076
500 ## - NOTA GENERAL
Nota general Au1271
600 14 - PUNTO DE ACCESO ADICIONAL DE MATERIA--NOMBRE DE PERSONA
Nombre de persona Beethoven, Ludwig van
Fechas asociadas al nombre 1770-1827
Título de la obra Fidelio
9 (RLIN) 26077
650 14 - PUNTO DE ACCESO ADICIONAL DE MATERIA--TÉRMINO DE MATERIA
Término de materia o nombre geográfico como elemento de entrada Opera
9 (RLIN) 23436
650 14 - PUNTO DE ACCESO ADICIONAL DE MATERIA--TÉRMINO DE MATERIA
Término de materia o nombre geográfico como elemento de entrada Libretos para operas
9 (RLIN) 23437
700 1# - PUNTO DE ACCESO ADICIONAL--NOMBRE DE PERSONA
Nombre de persona Ferdinand Sonnleithner, Joseph
9 (RLIN) 26078
700 1# - PUNTO DE ACCESO ADICIONAL--NOMBRE DE PERSONA
Nombre de persona Friedrich Treitschke, Georg
9 (RLIN) 26079
700 1# - PUNTO DE ACCESO ADICIONAL--NOMBRE DE PERSONA
Nombre de persona Kralik, Heinrich
9 (RLIN) 24817
902 ## - CATALOGADOR
Iniciales GRL
942 ## - ELEMENTOS DE PUNTO DE ACCESO ADICIONAL (KOHA)
Fuente del sistema de clasificación o colocación Library of Congress Classification
Tipo de ítem Koha Libros
Holdings
Estado de retiro Estado de pérdida Estado dañado No para préstamo Localización permanente Ubicación/localización actual Fecha de adquisición Número de inventario Total de préstamos Signatura topográfica completa Código de barras Fecha visto por última vez Precio válido a partir de Tipo de ítem Koha
El ejemplar forma parte de la colección y puede ser consultado según las políticas vigentes.       Biblioteca Centro de Estudios Ruth D. Lechuga Biblioteca Centro de Estudios Ruth D. Lechuga 26/11/2013 Au1271   ML50 .B44 1900 (Au1271) GRL01312 22/03/2019 22/03/2019 Libros